[Event "YUG Cup"]
[Site "Herceg Novi"]
[Date "1999.??.??"]
[Round "?"]
[White "Velimirovic, Dragoljub"]
[Black "Rublevsky, Sergei"]
[Result "1/2-1/2"]
[WhiteElo "2563"]
[BlackElo "2684"]
[PlyCount "48"]
[EventDate "1999.??.??"]
[EventType "team"]
[EventRounds "6"]
[EventCountry "YUG"]
[Source "ChessBase"]
[SourceDate "2000.11.22"]
[WhiteTeamCountry "YUG"]
[BlackTeamCountry "RUS"]

1. e4 c5 2. Nf3 e6 3. d4 cxd4 4. Nxd4 a6 5. Nc3 Qc7 6. Be2 b5 7. O-O Bb7 8. Bf3
Nc6 9. e5 Qxe5 10. Nxc6 dxc6 11. Re1 Qc7 12. a4 Nf6 13. axb5 axb5 14. Rxa8+
Bxa8 15. Nxb5 cxb5 16. Bxa8 Bd6 17. g3 O-O 18. Bg2 b4 19. Bg5 Be5 20. b3 h6 21.
Bxf6 Bxf6 22. Be4 g6 23. Re3 Rd8 24. Rd3 Rxd3 1/2-1/2

[Event "YUG Cup"]
[Site "Herceg Novi"]
[Date "1999.??.??"]
[Round "?"]
[White "Velimirovic, Dragoljub"]
[Black "Sveshnikov, Evgeny"]
[Result "1/2-1/2"]
[WhiteElo "2563"]
[BlackElo "2563"]
[PlyCount "80"]
[EventDate "1999.??.??"]
[EventType "team"]
[EventRounds "6"]
[EventCountry "YUG"]
[Source "ChessBase"]
[SourceDate "2000.11.22"]
[WhiteTeamCountry "YUG"]
[BlackTeamCountry "RUS"]

1. e4 c5 2. Nf3 Nc6 3. d4 cxd4 4. Nxd4 e5 5. Nb5 d6 6. N1c3 a6 7. Na3 b5 8. Nd5
Nf6 9. Nxf6+ Qxf6 10. c4 Qg6 11. Qd5 Bb7 12. f3 Rb8 13. Qd3 bxc4 14. Nxc4 d5
15. exd5 Nb4 16. Qxg6 hxg6 17. Ne3 Bc5 18. Bd2 O-O 19. Rc1 Bxe3 20. Bxe3 Nxa2
21. Rd1 Ba8 22. d6 Rxb2 23. d7 Rd8 24. Bg5 f6 25. Bc4+ Kh7 26. Be3 Bc6 27. Rd6
Nb4 28. O-O Rxd7 29. Rxd7 Bxd7 30. Rd1 Ba4 31. Rd6 Bb3 32. Bxa6 Nd5 33. Bc5 Rc2
34. Ba7 Ra2 35. Bc5 Rc2 36. Ba7 Nf4 37. Bf1 Rc1 38. Be3 Ra1 39. Kf2 Ra2+ 40.
Rd2 Ra4 1/2-1/2

[Event "YUG-ch"]
[Site "Belgrade"]
[Date "1999.??.??"]
[Round "2"]
[White "Barlov, Dragan"]
[Black "Velimirovic, Dragoljub"]
[Result "1-0"]
[WhiteElo "2471"]
[BlackElo "2563"]
[PlyCount "95"]
[EventDate "1999.03.??"]
[EventType "tourn"]
[EventRounds "13"]
[EventCountry "YUG"]
[EventCategory "11"]
[Source "ChessBase"]
[SourceDate "1999.11.16"]
[WhiteTeamCountry "YUG"]
[BlackTeamCountry "RUS"]

1. e4 c5 2. Nf3 Nc6 3. Bb5 g6 4. O-O Bg7 5. Re1 Nf6 6. e5 Nd5 7. Nc3 Nc7 8.
Bxc6 dxc6 9. Ne4 Ne6 10. d3 b6 11. Be3 Qc7 12. a3 a5 13. Qd2 O-O 14. Bh6 Nd4
15. Nxd4 cxd4 16. Bxg7 Kxg7 17. Ng3 c5 18. f4 Bf5 19. Qf2 Qc6 20. a4 Rad8 21.
b3 Qe6 22. h3 h5 23. Nf1 Qc6 24. Qh4 Rde8 25. Ng3 Qe6 26. Re2 Rh8 27. Rf1 Rh7
28. Ree1 Rhh8 29. Rf2 Rh6 30. Nf1 Qd7 31. Nd2 Be6 32. Ne4 Bd5 33. f5 gxf5 34.
Ng3 e6 35. Qg5+ Rg6 36. Nxh5+ Kh8 37. Qh4 Rh6 38. Qg5 Rg6 39. Qf4 Qb7 40. Nf6
Ra8 41. Qh4+ Kg7 42. Qh7+ Kf8 43. Ree2 Rd8 44. Kh2 Bc6 45. h4 Ke7 46. h5 Rxf6
47. exf6+ Kxf6 48. Rxf5+ 1-0

[Event "YUG-ch"]
[Site "Belgrade"]
[Date "1999.??.??"]
[Round "3"]
[White "Velimirovic, Dragoljub"]
[Black "Kosic, Dragan"]
[Result "0-1"]
[WhiteElo "2563"]
[BlackElo "2528"]
[PlyCount "120"]
[EventDate "1999.03.??"]
[EventType "tourn"]
[EventRounds "13"]
[EventCountry "YUG"]
[EventCategory "11"]
[Source "ChessBase"]
[SourceDate "1999.11.16"]
[WhiteTeamCountry "YUG"]
[BlackTeamCountry "RUS"]

1. e4 e6 2. d4 d5 3. Nc3 dxe4 4. Nxe4 Nd7 5. Nf3 Ngf6 6. Nxf6+ Nxf6 7. c3 Be7
8. Bd3 O-O 9. Qe2 b6 10. Bg5 Bb7 11. O-O-O Qd5 12. Kb1 h6 13. h4 Rfd8 14. Ne5
c5 15. f3 cxd4 16. Bc4 Qd6 17. Bf4 Nd5 18. Nxf7 Qxf4 19. Nxd8 Rxd8 20. Qxe6+
Qf7 21. Qxf7+ Kxf7 22. Rxd4 b5 23. Bxb5 Ne3 24. Rf4+ Kg8 25. Bc4+ Nxc4 26. Rxc4
Bc8 27. Re1 Bf6 28. Kc1 Bf5 29. b4 Rd3 30. g4 Bg6 31. h5 Bf7 32. Rc8+ Kh7 33.
Kc2 Rxf3 34. a4 Rf2+ 35. Kd3 Bg5 36. Re5 Rd2+ 37. Ke4 Bb3 38. Ree8 Re2+ 39. Kd4
Rxe8 40. Rxe8 Bxa4 41. Ra8 Bf6+ 42. Kc4 Bd7 43. Rxa7 Bxg4 44. Ra5 Bg5 45. b5
Bxh5 46. b6 Be2+ 47. Kd4 Bf3 48. Rf5 Bf6+ 49. Kc5 Bb7 50. c4 Kg6 51. Rf1 h5 52.
Kd6 h4 53. c5 Bg2 54. Rg1 h3 55. b7 Kf5 56. Kd7 Bxb7 57. c6 Bxc6+ 58. Kxc6 h2
59. Rh1 Be5 60. Kd5 g5 0-1

[Event "YUG-ch"]
[Site "Belgrade"]
[Date "1999.??.??"]
[Round "5"]
[White "Maksimovic, Branimir"]
[Black "Velimirovic, Dragoljub"]
[Result "1-0"]
[WhiteElo "2388"]
[BlackElo "2563"]
[PlyCount "101"]
[EventDate "1999.03.??"]
[EventType "tourn"]
[EventRounds "13"]
[EventCountry "YUG"]
[EventCategory "11"]
[Source "ChessBase"]
[SourceDate "1999.11.16"]
[WhiteTeamCountry "YUG"]
[BlackTeamCountry "RUS"]

1. Nf3 c5 2. b3 Nf6 3. Bb2 g6 4. e4 Bg7 5. e5 Nd5 6. Nc3 Nxc3 7. Bxc3 O-O 8.
Bd3 d5 9. exd6 Bxc3 10. dxc3 Qxd6 11. O-O Nc6 12. Be4 Qf6 13. Re1 Nd8 14. Qd2
Ne6 15. Rad1 a5 16. Bd5 a4 17. b4 Ra6 18. Qe3 cxb4 19. cxb4 Nf4 20. Bc4 Rc6 21.
Rd4 Ne6 22. Re4 Rd8 23. Ne5 Rcd6 24. h4 b5 25. Bxb5 Nd4 26. Bxa4 Bb7 27. Rf4
Nf5 28. Qc1 Rd4 29. c3 Rd2 30. Bb3 e6 31. Nxf7 Kxf7 32. Rxe6 Qxe6 33. Bxe6+
Kxe6 34. Kh2 h5 35. a4 Ke5 36. Rc4 Nh6 37. Rd4 Ng4+ 38. Kg3 Rd3+ 39. f3 Ne3 40.
Kf2 Nf5 41. Qf4+ Ke6 42. Rxd8 Rxd8 43. Qg5 Ne7 44. c4 Rd3 45. b5 Ra3 46. c5 Bd5
47. Qf4 Nf5 48. c6 Ra2+ 49. Kg1 Ra3 50. Qc1 Rxa4 51. c7 1-0

[Event "YUG-ch"]
[Site "Belgrade"]
[Date "1999.??.??"]
[Round "6"]
[White "Velimirovic, Dragoljub"]
[Black "Pavlovic, Milos"]
[Result "0-1"]
[WhiteElo "2563"]
[BlackElo "2525"]
[PlyCount "90"]
[EventDate "1999.03.??"]
[EventType "tourn"]
[EventRounds "13"]
[EventCountry "YUG"]
[EventCategory "11"]
[Source "ChessBase"]
[SourceDate "1999.11.16"]
[WhiteTeamCountry "YUG"]
[BlackTeamCountry "RUS"]

1. e4 c5 2. Nf3 d6 3. d4 cxd4 4. Nxd4 Nf6 5. Nc3 a6 6. Bc4 e6 7. Bb3 b5 8. O-O
Be7 9. a4 b4 10. Na2 O-O 11. Nxb4 Bb7 12. c3 Nxe4 13. a5 d5 14. Bc2 Bd6 15. Qh5
Nd7 16. f3 Nef6 17. Qh4 Rc8 18. Ra4 Re8 19. g4 Nf8 20. g5 N6d7 21. Nd3 Rc4 22.
f4 Ng6 23. Qf2 Ne7 24. Ra1 Nf5 25. Bb3 Rc8 26. Be3 Nxe3 27. Qxe3 e5 28. fxe5
Nxe5 29. Ba4 Nc6 30. Qd2 Re4 31. Bxc6 Bxc6 32. Kh1 Bd7 33. Rf2 Qe7 34. Raf1 Rf8
35. Ne1 g6 36. Nec2 Rg4 37. Rg2 Re8 38. Re1 Re4 39. Rxe4 Qxe4 40. Kg1 Bh3 41.
Re2 Qg4+ 42. Kh1 Rxe2 43. Qxe2 Qxg5 44. b4 Qc1+ 45. Qe1 Qf4 0-1

[Event "YUG-ch"]
[Site "Belgrade"]
[Date "1999.??.??"]
[Round "7"]
[White "Tosic, Miroslav"]
[Black "Velimirovic, Dragoljub"]
[Result "0-1"]
[WhiteElo "2517"]
[BlackElo "2563"]
[PlyCount "76"]
[EventDate "1999.03.??"]
[EventType "tourn"]
[EventRounds "13"]
[EventCountry "YUG"]
[EventCategory "11"]
[Source "ChessBase"]
[SourceDate "1999.11.16"]
[WhiteTeamCountry "YUG"]
[BlackTeamCountry "RUS"]

1. Nf3 c5 2. g3 g6 3. Bg2 Bg7 4. O-O Nc6 5. d3 d6 6. c3 e5 7. a3 Nge7 8. Nbd2
O-O 9. b4 Rb8 10. Nb3 Qc7 11. e4 b6 12. b5 Nd8 13. d4 a6 14. dxe5 dxe5 15. a4
axb5 16. axb5 Bd7 17. Qe2 Ne6 18. Ng5 Ra8 19. Be3 Nxg5 20. Bxg5 f6 21. Qc4+ Kh8
22. Be3 Rxa1 23. Rxa1 Nc8 24. Qa4 Nd6 25. c4 Be6 26. Nd2 f5 27. exf5 gxf5 28.
Bg5 h6 29. Bh4 e4 30. Rc1 Nf7 31. Nf1 Ne5 32. Ne3 Ng6 33. Qd1 Nxh4 34. gxh4 f4
35. Nd5 Bxd5 36. cxd5 f3 37. Bh3 Qf4 38. Kh1 Be5 0-1

[Event "YUG-ch"]
[Site "Belgrade"]
[Date "1999.??.??"]
[Round "8"]
[White "Velimirovic, Dragoljub"]
[Black "Ivanisevic, Ivan"]
[Result "0-1"]
[WhiteElo "2563"]
[BlackElo "2457"]
[PlyCount "46"]
[EventDate "1999.03.??"]
[EventType "tourn"]
[EventRounds "13"]
[EventCountry "YUG"]
[EventCategory "11"]
[Source "ChessBase"]
[SourceDate "1999.11.16"]
[WhiteTeamCountry "YUG"]
[BlackTeamCountry "RUS"]

1. e4 c5 2. Nf3 d6 3. d4 cxd4 4. Nxd4 Nf6 5. Nc3 Bd7 6. Be2 e6 7. g4 h6 8. g5
hxg5 9. Bxg5 a6 10. Qd2 b5 11. a3 Nc6 12. O-O-O Rc8 13. f4 Qa5 14. Bxb5 Nxd4
15. Bxd7+ Nxd7 16. Qxd4 f6 17. e5 fxg5 18. exd6 gxf4 19. Qxf4 Rxc3 20. Rhe1 e5
21. bxc3 Bxd6 22. Rd3 Bxa3+ 23. Kd2 Bc1+ 0-1

[Event "YUG-chT"]
[Site "Vrnjacka Banja"]
[Date "1999.??.??"]
[Round "1"]
[White "Velimirovic, Dragoljub"]
[Black "Damljanovic, Branko"]
[Result "1/2-1/2"]
[WhiteElo "2563"]
[BlackElo "2554"]
[PlyCount "136"]
[EventDate "1999.08.??"]
[EventType "team"]
[EventRounds "11"]
[EventCountry "YUG"]
[Source "ChessBase"]
[SourceDate "1999.11.16"]
[WhiteTeamCountry "YUG"]
[BlackTeamCountry "RUS"]

1. e4 c5 2. Nf3 Nc6 3. d4 cxd4 4. Nxd4 Nf6 5. Nc3 d6 6. Bc4 Qb6 7. Nb3 e6 8.
Bf4 Ne5 9. Be2 Bd7 10. Be3 Qc7 11. Nb5 Bxb5 12. Bxb5+ Nc6 13. Bd3 d5 14. exd5
Nxd5 15. Bd2 Be7 16. Qe2 O-O 17. O-O Ne5 18. Be4 Rad8 19. Rae1 Nc4 20. Bc1 Bf6
21. c3 b5 22. Qc2 g6 23. Nd2 Ncb6 24. Nf3 b4 25. cxb4 Qxc2 26. Bxc2 Nxb4 27.
Be4 Nxa2 28. Bh6 Bg7 29. Bxg7 Kxg7 30. Ra1 Nb4 31. Rxa7 Rd7 32. Rfa1 Rc8 33.
Kf1 Rcc7 34. Rxc7 Rxc7 35. Ke2 f5 36. Bb1 Kf6 37. Nd2 e5 38. Ra5 N6d5 39. g3
Rc1 40. Ba2 Ra1 41. Rxd5 Rxa2 42. Rd6+ Ke7 43. Rb6 Rxb2 44. Rb7+ Ke6 45. Rxh7
Nd5 46. Ra7 e4 47. Ra6+ Kf7 48. h4 Nf6 49. Ke1 Rc2 50. Kd1 Rc3 51. Nf1 Ng4 52.
Ra2 Rf3 53. Ke1 Kg7 54. Re2 Ra3 55. Rc2 Ra1+ 56. Ke2 Ne5 57. Ne3 Nf3 58. Rc7+
Kh6 59. Nc2 Rc1 60. Ke3 Rd1 61. g4 Nxh4 62. Kf4 Rg1 63. gxf5 gxf5 64. Ne3 Kg6
65. Rc6+ Kg7 66. Rc5 Kg6 67. Rc6+ Kg7 68. Ra6 Rg6 1/2-1/2

[Event "YUG-chT"]
[Site "Vrnjacka Banja"]
[Date "1999.??.??"]
[Round "2"]
[White "Ivanovic, Bozidar"]
[Black "Velimirovic, Dragoljub"]
[Result "1/2-1/2"]
[WhiteElo "2518"]
[BlackElo "2563"]
[PlyCount "22"]
[EventDate "1999.08.??"]
[EventType "team"]
[EventRounds "11"]
[EventCountry "YUG"]
[Source "ChessBase"]
[SourceDate "1999.11.16"]
[WhiteTeamCountry "YUG"]
[BlackTeamCountry "RUS"]

1. e4 c5 2. Nf3 d6 3. d4 cxd4 4. Nxd4 Nf6 5. Nc3 g6 6. Be2 Bg7 7. Bg5 O-O 8.
Qd2 Nc6 9. Nb3 a5 10. a4 Be6 11. O-O Nd7 1/2-1/2

[Event "YUG-chT"]
[Site "Vrnjacka Banja"]
[Date "1999.??.??"]
[Round "3"]
[White "Velimirovic, Dragoljub"]
[Black "Popovic, Petar"]
[Result "1/2-1/2"]
[WhiteElo "2563"]
[BlackElo "2490"]
[PlyCount "31"]
[EventDate "1999.08.??"]
[EventType "team"]
[EventRounds "11"]
[EventCountry "YUG"]
[Source "ChessBase"]
[SourceDate "1999.11.16"]
[WhiteTeamCountry "YUG"]
[BlackTeamCountry "RUS"]

1. e4 c5 2. Nf3 d6 3. d4 cxd4 4. Nxd4 Nf6 5. Nc3 Nc6 6. Bc4 e6 7. Bb3 a6 8. Be3
Be7 9. g4 Qa5 10. f3 Nd7 11. h4 O-O 12. Qe2 Nc5 13. O-O-O Nxd4 14. Bxd4 b5 15.
e5 Qc7 16. f4 1/2-1/2

[Event "YUG-chT"]
[Site "Vrnjacka Banja"]
[Date "1999.??.??"]
[Round "4"]
[White "Kojovic, Dragan"]
[Black "Velimirovic, Dragoljub"]
[Result "1/2-1/2"]
[WhiteElo "2272"]
[BlackElo "2563"]
[PlyCount "104"]
[EventDate "1999.08.??"]
[EventType "team"]
[EventRounds "11"]
[EventCountry "YUG"]
[Source "ChessBase"]
[SourceDate "1999.11.16"]
[WhiteTeamCountry "YUG"]
[BlackTeamCountry "RUS"]

1. d4 c5 2. d5 e5 3. e4 d6 4. Nc3 Be7 5. f4 Bh4+ 6. g3 Bf6 7. Nf3 Bg4 8. h3
Bxf3 9. Bb5+ Kf8 10. Qxf3 a6 11. Be2 Nd7 12. O-O h5 13. f5 Bg5 14. Bxg5 Qxg5
15. h4 Qh6 16. a4 Ngf6 17. Nd1 Ke7 18. Nf2 g5 19. fxg6 Qxg6 20. c4 Rag8 21. Ra3
a5 22. Rb3 b6 23. Kh2 Qh7 24. Qe3 Rg7 25. Rg1 Rhg8 26. Bf3 Kd8 27. Qe2 Kc7 28.
Bg2 Ng4+ 29. Nxg4 Rxg4 30. Bf3 f5 31. exf5 Nf6 32. Bxg4 Rxg4 33. Re3 Rd4 34.
Rf3 Qh6 35. Rd1 Re4 36. Qc2 Qg7 37. Rdf1 Rd4 38. Qc1 Qe7 39. Kg1 Rg4 40. Kh2
Qg7 41. Rg1 Qd7 42. Qh6 Qe7 43. Qc1 Rd4 44. Re1 Kb7 45. b3 Rg4 46. Re2 Rg8 47.
Kg1 Re8 48. Qh6 Ka6 49. Rfe3 Rg8 50. Kg2 Qf7 51. Rf3 Rg4 52. Rfe3 Rg8 1/2-1/2

[Event "YUG-chT"]
[Site "Vrnjacka Banja"]
[Date "1999.??.??"]
[Round "5"]
[White "Velimirovic, Dragoljub"]
[Black "Ristic, Nenad"]
[Result "1-0"]
[WhiteElo "2563"]
[BlackElo "2432"]
[PlyCount "95"]
[EventDate "1999.08.??"]
[EventType "team"]
[EventRounds "11"]
[EventCountry "YUG"]
[Source "ChessBase"]
[SourceDate "1999.11.16"]
[WhiteTeamCountry "YUG"]
[BlackTeamCountry "RUS"]

1. e4 e5 2. Nf3 Nf6 3. Nxe5 d6 4. Nf3 Nxe4 5. Qe2 Qe7 6. d3 Nf6 7. Bg5 Qxe2+ 8.
Kxe2 Be7 9. Nc3 h6 10. Bh4 Nc6 11. Nb5 Kd8 12. Kd2 a6 13. Nc3 Be6 14. Be2 Kd7
15. Rhe1 Rae8 16. Rab1 g5 17. Bg3 Reg8 18. h3 h5 19. Rh1 h4 20. Bh2 g4 21. hxg4
Nxg4 22. Rbf1 Nxh2 23. Rxh2 Ne5 24. Nxe5+ dxe5 25. Rfh1 c6 26. Bf3 f5 27. g3
Bg5+ 28. Kd1 Kc7 29. gxh4 Bh6 30. Rg2 Rd8 31. Rg6 Rd6 32. Rhg1 b5 33. Rf6 b4
34. Na4 e4 35. Rgg6 Bf4 36. Bxe4 Rxh4 37. Rxe6 fxe4 38. Rg7+ Rd7 39. Rxd7+ Kxd7
40. Nc5+ Kc7 41. Rxe4 Kb6 42. Ne6 Rh1+ 43. Re1 Rxe1+ 44. Kxe1 Be5 45. d4 Bf6
46. b3 a5 47. Ke2 a4 48. Kd3 1-0

[Event "YUG-chT"]
[Site "Vrnjacka Banja"]
[Date "1999.??.??"]
[Round "6"]
[White "Velimirovic, Dragoljub"]
[Black "Antic, Dejan"]
[Result "0-1"]
[WhiteElo "2563"]
[BlackElo "2494"]
[PlyCount "54"]
[EventDate "1999.08.??"]
[EventType "team"]
[EventRounds "11"]
[EventCountry "YUG"]
[Source "ChessBase"]
[SourceDate "1999.11.16"]
[WhiteTeamCountry "YUG"]
[BlackTeamCountry "RUS"]

1. e4 e6 2. d4 d5 3. Nc3 Nf6 4. Bg5 Be7 5. e5 Nfd7 6. h4 Bxg5 7. hxg5 Qxg5 8.
Nb5 Qd8 9. Qg4 g6 10. O-O-O a6 11. Nc3 c5 12. f4 Nc6 13. dxc5 Nxc5 14. Nf3 Bd7
15. Rh6 Qe7 16. Bd3 O-O-O 17. Qg5 Qf8 18. Qh4 Kb8 19. Kb1 Rc8 20. Rxh7 Rxh7 21.
Qxh7 Nb4 22. Qh1 Na4 23. Nxa4 Bxa4 24. b3 Qc5 $1 25. Rc1 (25. bxa4 Nxd3 26.
cxd3 Qb4+ 27. Ka1 Rc2 $19) 25... Qa5 (25... Bxb3 $19 26. cxb3 (26. axb3 Qa5 27.
Rd1 (27. Rf1 Qa2+ 28. Kc1 Rxc2+ 29. Kd1 Qb1#) 27... Qa2+ 28. Kc1 Rxc2+ 29. Bxc2
Qxc2#) 26... Qxc1+ 27. Qxc1 Rxc1+ 28. Kxc1 Nxd3+ 29. Kd2 Nxf4 $19) 26. a3 (26.
bxa4 Qxa4 $19) 26... Bxb3 $1 27. Kb2 (27. cxb3 Rxc1+ 28. Qxc1 Nxd3 $19) 27...
Nxc2 $1 0-1

[Event "YUG-chT"]
[Site "Vrnjacka Banja"]
[Date "1999.??.??"]
[Round "7"]
[White "Nikcevic, Nebojsa"]
[Black "Velimirovic, Dragoljub"]
[Result "1/2-1/2"]
[WhiteElo "2466"]
[BlackElo "2563"]
[PlyCount "73"]
[EventDate "1999.08.??"]
[EventType "team"]
[EventRounds "11"]
[EventCountry "YUG"]
[Source "ChessBase"]
[SourceDate "1999.11.16"]
[WhiteTeamCountry "YUG"]
[BlackTeamCountry "RUS"]

1. Nf3 c5 2. c4 g6 3. d4 cxd4 4. Nxd4 Nf6 5. Nc3 Nc6 6. e4 d6 7. Be2 Nxd4 8.
Qxd4 Bg7 9. Be3 O-O 10. Qd2 Be6 11. O-O Qa5 12. Rab1 Rfc8 13. b3 Ng4 14. Nd5
Qxd2 15. Bxd2 Kf8 16. Bg5 Bxd5 17. exd5 Nf6 18. Bd3 Nd7 19. Rfe1 Bf6 20. Bh6+
Kg8 21. Bd2 a5 22. a4 Re8 23. Rbd1 Nc5 24. Bc2 b6 25. Bc1 Rad8 26. f4 e5 $1 27.
dxe6 Nxe6 28. Kf1 Nd4 29. Bb2 $1 Rxe1+ (29... Nxc2 30. Bxf6 Nxe1 31. Bxd8 $16)
30. Rxe1 Kg7 31. Bxd4 Bxd4 32. Be4 h5 33. Bd5 Kf6 34. h4 Rd7 35. g3 Re7 36.
Rxe7 Kxe7 37. Ke2 1/2-1/2

[Event "YUG-chT"]
[Site "Vrnjacka Banja"]
[Date "1999.??.??"]
[Round "8"]
[White "Velimirovic, Dragoljub"]
[Black "Todorcevic, Miodrag"]
[Result "1/2-1/2"]
[WhiteElo "2563"]
[BlackElo "2458"]
[PlyCount "99"]
[EventDate "1999.08.??"]
[EventType "team"]
[EventRounds "11"]
[EventCountry "YUG"]
[Source "ChessBase"]
[SourceDate "1999.11.16"]
[WhiteTeamCountry "YUG"]
[BlackTeamCountry "RUS"]

1. e4 g6 2. d4 Bg7 3. Nc3 d6 4. f4 Nf6 5. Nf3 O-O 6. Be2 Na6 7. e5 Ne8 8. Be3
Bg4 9. O-O c6 10. Bxa6 bxa6 11. h3 Bc8 12. Qe1 f6 13. Rd1 Nc7 14. b3 a5 15. Na4
Bf5 16. c4 Bc2 17. Rc1 Be4 18. exd6 Qxd6 19. Nc5 Bxf3 20. Rxf3 f5 21. Rd1 Ne6
22. Nxe6 Qxe6 23. Qxa5 Rfd8 24. Bf2 Rd7 25. d5 cxd5 26. Rxd5 Rxd5 27. Qxd5 Qxd5
28. cxd5 a5 29. Rd3 Kf7 30. Bb6 h6 31. Kf2 g5 32. Ke3 Bb2 33. fxg5 hxg5 34. d6
exd6 35. Rxd6 a4 36. h4 Re8+ 37. Kd3 Re1 38. Kc2 Ba3 39. Rd5 Ke6 40. Ra5 Re2+
41. Kd3 Rxg2 42. Rxa4 Rg3+ 43. Kc4 Rh3 44. Rxa3 Rxh4+ 45. Bd4 f4 46. Ra5 g4 47.
Re5+ Kd7 48. Rd5+ Ke6 49. Re5+ Kd7 50. Rd5+ 1/2-1/2

[Event "YUG-chT"]
[Site "Vrnjacka Banja"]
[Date "1999.??.??"]
[Round "9"]
[White "Mozetic, Dejan"]
[Black "Velimirovic, Dragoljub"]
[Result "1-0"]
[WhiteElo "2442"]
[BlackElo "2563"]
[PlyCount "79"]
[EventDate "1999.08.??"]
[EventType "team"]
[EventRounds "11"]
[EventCountry "YUG"]
[Source "ChessBase"]
[SourceDate "1999.11.16"]
[WhiteTeamCountry "YUG"]
[BlackTeamCountry "RUS"]

1. c4 e5 2. g3 c5 3. Nc3 Nc6 4. Bg2 g6 5. a3 a6 6. d3 d6 7. Rb1 Nge7 8. b4 Bg7
9. e3 O-O 10. Nge2 cxb4 11. axb4 b5 12. O-O Rb8 13. cxb5 axb5 14. d4 exd4 15.
exd4 Bf5 16. Rb3 Qd7 17. Bf4 h6 18. d5 Ne5 19. Nd4 Bd3 20. Bxe5 dxe5 21. Nc6
Bxf1 22. Nxb8 Rxb8 23. Bxf1 Nf5 24. Bh3 Rd8 25. Qd3 h5 26. Qxb5 Qxb5 27. Nxb5
Rxd5 28. Nc3 Rd3 29. Bf1 Rd8 30. b5 Nd4 31. Rb1 Rc8 32. Nd5 Rd8 33. Ne7+ Kf8
34. Nc6 Nxc6 35. bxc6 $16 Rc8 36. Bg2 Bf6 37. Rb7 Be7 38. Bd5 Ke8 39. Kf1 f5 $2
40. Be6 $1 1-0

[Event "YUG-chT"]
[Site "Vrnjacka Banja"]
[Date "1999.??.??"]
[Round "10"]
[White "Velimirovic, Dragoljub"]
[Black "Todorovic, Goran M"]
[Result "1-0"]
[WhiteElo "2563"]
[BlackElo "2426"]
[PlyCount "69"]
[EventDate "1999.08.??"]
[EventType "team"]
[EventRounds "11"]
[EventCountry "YUG"]
[Source "ChessBase"]
[SourceDate "1999.11.16"]
[WhiteTeamCountry "YUG"]
[BlackTeamCountry "RUS"]

1. e4 c5 2. Nf3 e6 3. d4 cxd4 4. Nxd4 Nf6 5. Nc3 Nc6 6. Ndb5 d6 7. Bf4 e5 8.
Bg5 a6 9. Bxf6 gxf6 10. Na3 b5 11. Nd5 f5 12. c3 Bg7 13. exf5 Bxf5 14. Nc2 O-O
15. Nce3 Be6 16. Bd3 f5 17. Qh5 Qd7 18. g4 e4 19. Bc2 f4 20. Bxe4 Bxc3+ 21.
bxc3 fxe3 22. Nxe3 Rac8 23. Rd1 Rc7 24. Qg5+ Kh8 25. Qh6 Rf7 26. O-O Ne7 27. h3
Rxc3 28. Bxh7 Ng8 29. Bxg8+ Kxg8 30. Nd5 Rcf3 31. Rfe1 Qa7 32. Rxe6 Qxf2+ 33.
Kh1 Rd7 34. Re8+ Kf7 35. Rf8# 1-0

[Event "Novak Nikolic Memorial 2nd"]
[Site "Belgrade"]
[Date "2000.02.02"]
[Round "1"]
[White "Zhukova, Natalia"]
[Black "Velimirovic, Dragoljub"]
[Result "1-0"]
[WhiteElo "2471"]
[BlackElo "2558"]
[Annotator "Alterman,B"]
[PlyCount "83"]
[EventDate "2000.02.02"]
[EventType "tourn"]
[EventRounds "11"]
[EventCountry "YUG"]
[EventCategory "11"]
[Source "ChessBase"]
[SourceDate "2000.05.31"]
[WhiteTeamCountry "YUG"]
[BlackTeamCountry "RUS"]

1. d4 c5 2. d5 Nf6 3. Nc3 g6 4. e4 d6 5. Nf3 Bg7 6. Be2 O-O 7. O-O Na6 8. h3
Nc7 9. a4 a6 10. Bf4 Nd7 11. Qd2 Re8 12. Rfe1 $146 (12. Bh6 Bh8 13. Qf4 Rb8 14.
Qh4 b5 15. axb5 axb5 16. Ng5 b4 17. Nd1 e6 18. dxe6 Nxe6 19. Qg3 Nxg5 20. Bxg5
Bf6 21. Bf4 Be5 22. Bxe5 dxe5 23. Ne3 Nb6 24. Bb5 Re7 25. Bc6 Qc7 26. Bd5 Be6
27. Rfd1 Bxd5 28. exd5 Qd7 29. Ng4 Qd6 30. Qh4 f5 31. Ne3 {
1-0 Gallego,V-Rodriguez,J/Lleida 1991/EXT 97 (31)}) 12... Rb8 13. a5 b5 14.
axb6 Rxb6 15. Ra2 Rb4 16. Bf1 Bb7 (16... Rb8 17. Nd1 $14 (17. e5 Nxe5 18. Nxe5
dxe5 19. Bxe5 Bxe5 20. Rxe5 Nb5 $14)) 17. Nd1 {Presice and strong position
plan.Black's pieces should comes back and white arrange a huge space advantage.
} Nf6 18. c4 e5 19. Bg5 Bc8 20. Nh2 Qe7 21. Ra3 Qf8 22. Qc2 Nh5 23. Bd2 Rb7 24.
Rb3 {Exchanging the last defending piece.Next breakthrought in the Queen side
unstopped.} Rxb3 25. Qxb3 f5 26. Qb6 Qe7 27. b4 $18 {
Final pawn shot.Black position becomes hopeless.} Na8 28. Qa5 cxb4 29. Bxb4 Nf6
30. Nc3 Bf8 31. Nf3 f4 (31... fxe4 32. Ng5) 32. Na4 Nd7 33. Rc1 Nc5 34. Nxc5
dxc5 35. Ba3 g5 36. Ne1 g4 (36... h5 37. Nd3 $18) 37. hxg4 Bxg4 38. f3 Bh5 39.
Rb1 Rd8 40. Nd3 Qg5 41. Be2 Rd7 42. Rb8 (42. Rb8 Rg7 43. Ne1 Nc7 44. Qxc5 $18)
1-0